Ciudades de México - ¡Muerte súbita! - Estadísticas

Estadísticas generales
  • Esta prueba ha sido intentada 38 veces
  • La puntuación promedio es 15 de 20
Answers on the Grid
Answers color-coded by a green-red scale on the quiz's grid according to % correct below.
Cuernavaca
Monterrey
Tijuana
Juárez
Cancún
Chihuahua
Aguascalientes
Hermosillo
Mazatlán
Saltillo
Zacatecas
Cabo San Lucas
Guadalajara
San Luis Potosí
Veracruz
Nogales
Nezahualcóyotl
Ecatepec de Morelos
Durango
Ensenada
Villavicencio
Tegucigalpa
Ciudad Rodrigo
Guayaquil
Mixco
Loja
Olivenza
Sucre
Iquitos
Quetzaltenango
Miami
Maracaibo
Calexico
Copacabana
Malabo
Huánuco
 
Estadísticas de respuestas
Respuesta % Correcto
Cancún
96%
Tijuana
96%
Chihuahua
92%
Monterrey
92%
Veracruz
88%
Guadalajara
84%
Juárez
84%
Zacatecas
84%
Aguascalientes
76%
Durango
72%
Ecatepec de Morelos
72%
Cuernavaca
68%
Hermosillo
68%
Mazatlán
68%
San Luis Potosí
68%
Cabo San Lucas
60%
Nezahualcóyotl
52%
Saltillo
52%
Nogales
48%
Ensenada
40%
No se encontraron pruebas coincidentes
Distribución de puntuación
Porcentaje de gente con cada puntuación
Porcentaje por número respondido
Historial de tus puntuaciones
No has intentado esta prueba.